| 000 | 01032cam a22003257a 4500 | ||
|---|---|---|---|
| 003 | CHAP | ||
| 005 | 20220329135705.0 | ||
| 008 | 971013s1993 enk r 00010 eng d | ||
| 010 | _a40634 | ||
| 011 | _a41606 | ||
| 035 | _a45732 | ||
| 040 | _cCHAP | ||
| 082 | 0 | 4 |
_a634.9096 _bL8 |
| 100 | 0 | 0 |
_aLovett, Jon C. _eed. _968657 |
| 245 | 1 | 0 | _aBiogeography and ecology of the rain forests of eastern Africa |
| 260 |
_aLondon : _bCambridge University Press, _c1993 |
||
| 300 | _a341 p. | ||
| 590 |
_aBATCH-UPD _b10 _c20130110 _lUCH01 _h1653 |
||
| 590 |
_aBATCH-UPD _b10 _c20130410 _lUCH01 _h1041 |
||
| 590 |
_aBATCH-UPD _b10 _c20130914 _lUCH01 _h0639 |
||
| 590 |
_aCONVERSION _b10 _c20130109 _lUCH01 _h1322 |
||
| 650 | 1 | 4 |
_aBiogeografía. _912741 |
| 650 | 1 | 4 |
_aBosques _xAfrica. _914045 |
| 650 | 1 | 4 |
_aBosques _xTrópicos. _914401 |
| 650 | 1 | 4 |
_aEcología forestal. _935176 |
| 700 | 0 |
_aWasser, Samuel K. _9121138 |
|
| 901 | _aBK | ||
| 942 | _cLIBRO | ||
| 949 |
_a634.9096 L8 _bBC _cLIBRO _d33724000001426 _eLIBRO _gI.176605 _h88183 _i45732 _si _t377.66 |
||
| 999 |
_c40634 _d40634 |
||